Genel işletmecilik bilgileri / (Record no. 200429527)

MARC details
000 -LEADER
fixed length control field 01415aam a2200409 i 4500
001 - CONTROL NUMBER
control field 200429527
003 - CONTROL NUMBER IDENTIFIER
control field TR-AnTOB
005 - DATE AND TIME OF LATEST TRANSACTION
control field 20240215142927.0
007 - PHYSICAL DESCRIPTION FIXED FIELD--GENERAL INFORMATION
fixed length control field ta
008 - FIXED-LENGTH DATA ELEMENTS--GENERAL INFORMATION
fixed length control field 130516m20132011000 0
020 ## - INTERNATIONAL STANDARD BOOK NUMBER
International Standard Book Number 9789756325667
040 ## - CATALOGING SOURCE
Original cataloging agency TR-AnTOB
Language of cataloging eng
Description conventions rda
Transcribing agency TR-AnTOB
041 ## - LANGUAGE CODE
Language code of text/sound track or separate title Türkçe
050 00 - LIBRARY OF CONGRESS CALL NUMBER
Classification number HD37.T8
Item number T86 2013
090 ## - LOCALLY ASSIGNED LC-TYPE CALL NUMBER (OCLC); LOCAL CALL NUMBER (RLIN)
Classification number (OCLC) (R) ; Classification number, CALL (RLIN) (NR) RES HD37.T8 T86 2013
100 1# - MAIN ENTRY--PERSONAL NAME
Personal name Tuncer, Doğan
Relator term author.
9 (RLIN) 27200
245 10 - TITLE STATEMENT
Title Genel işletmecilik bilgileri /
Statement of responsibility, etc. Doğan Tuncer, Doğan Yaşar Ayhan, Demet Varoğlu.
250 ## - EDITION STATEMENT
Edition statement 5. baskı
264 #1 - PRODUCTION, PUBLICATION, DISTRIBUTION, MANUFACTURE, AND COPYRIGHT NOTICE
Place of production, publication, distribution, manufacture Ankara:
Name of producer, publisher, distributor, manufacturer Siyasal Kitabevi,
Date of production, publication, distribution, manufacture, or copyright notice 2013.
300 ## - PHYSICAL DESCRIPTION
Extent 413 pages;
Dimensions 25 cm.
Accompanying material CD-ROM (4 3/4 in.)
336 ## - CONTENT TYPE
Content type term text
Source rdacontent
Content type code txt
337 ## - MEDIA TYPE
Media type term unmediated
Source rdamedia
Media type code n
Media type term computer
Source rdamedia
Media type code n
338 ## - CARRIER TYPE
Carrier type term volume
Source rdacarrier
Carrier type code nc
Carrier type term computer disc
Source rdacarrier
Carrier type code nc
347 ## - DIGITAL FILE CHARACTERISTICS
File type text file
Encoding format PDF
Source da
505 ## - FORMATTED CONTENTS NOTE
Formatted contents note Birinci kısım: İşletmecilik ile ilgili genel bilgiler -- İkinci kısım: Yönetim ve işlevleri -- Üçüncü kısım: İşletmenin temel işlevleri.
590 ## - LOCAL NOTE (RLIN)
Local note Donated by Associate Professor Demet Varoğlu.
650 #0 - SUBJECT ADDED ENTRY--TOPICAL TERM
Topical term or geographic name entry element İşletme
9 (RLIN) 19901
Topical term or geographic name entry element Business
9 (RLIN) 2282
Topical term or geographic name entry element Endüstriyel yönetim
Source of heading or term etuturkob
9 (RLIN) 6479
Topical term or geographic name entry element Industrial management
9 (RLIN) 508
700 1# - ADDED ENTRY--PERSONAL NAME
Personal name Varoğlu, Demet
Relator term author.
9 (RLIN) 89253
Personal name Ayhan, Doğan Yaşar
Relator term author.
9 (RLIN) 89254
942 ## - ADDED ENTRY ELEMENTS (KOHA)
Koha item type Book
Source of classification or shelving scheme Library of Congress Classification
Holdings
Withdrawn status Lost status Source of classification or shelving scheme Not for loan Collection code Home library Current library Shelving location Date acquired Source of acquisition Total Checkouts Full call number Barcode Date last seen Copy number Date shelved Koha item type Public note Inventory number Date last checked out
    Library of Congress Classification Ödünç Verilebilir / Available Genel Koleksiyon Merkez Kütüphane Merkez Kütüphane Genel Koleksiyon / Main Collection 03/05/2018 Bağış / Donation   HD37.T8 T86 2013 CD02110 08/05/2018 1 08/05/2018 Compact disc Donated by Demet VAROĞLU    
    Library of Congress Classification Ödünç Verilebilir / Available Genel Koleksiyon Merkez Kütüphane Merkez Kütüphane Genel Koleksiyon / Main Collection 03/05/2018 Bağış / Donation 21 HD37.T8 T86 2013 0056506 10/07/2018 1 11/05/2018 Book Donated by Demet VAROĞLU END/İŞL 10/07/2018
Devinim Yazılım Eğitim Danışmanlık tarafından Koha'nın orjinal sürümü uyarlanarak geliştirilip kurulmuştur.